000 00827cam a22002531 4500
001 e 33001443
003 DLC
005 20260227111224.0
008 800202m19321935dcua s f000 0 engdc
010 _ae 33001443
035 _a(OCoLC)5939092
040 _aU.S. Office of Education. Library
_cICSU
_dICSU
_dDLC
042 _apremarc
043 _an-us---
050 0 0 _aL111
_b.A6 1933 no. 10
051 _aLB1715
_b.A25
082 _a370.7373
110 1 _aUnited States.
_bNational Survey of the Education of Teachers.
245 1 0 _aNational survey of the education of teachers.
260 _aWashington,
_bU.S. Govt. Print. Off.,
_c1932-35.
300 _a6 v.
_bdiagrs., tables.
_c23 cm.
410 1 0 _aUnited States.
_bOffice of Education.
_tBulletin,
_v1933, no. 10
650 0 _aTeachers
_xTraining of
_zUnited States.
999 _c21371
_d21371